| 000 | 00714nam a2200193Ia 4500 | ||
|---|---|---|---|
| 003 | GCL | ||
| 008 | 140319s9999 xx 000 0 ara d | ||
| 040 |
_aGCL / _cGCL |
||
| 082 | 0 | 4 |
_a616.019 _bا ت |
| 100 | 1 | _aاقبال فراج عبدالحميد فراج | |
| 245 | 1 | 0 |
_aالتقرير النهائى: دراسات عن الامراض اللاهوائية بمصر وتطوير اللقاحات الخاصة بها / _cاقبال فراج عبدالحميد فراج |
| 300 | _a70 ص | ||
| 490 |
_a100 قصة _v0 |
||
| 650 | 0 | 4 | _aالاحياء الدقيقة |
| 650 | 0 | 4 | _aالميكروبات |
| 650 | 0 | 4 | _aالثروة الحيوانية |
| 650 | 0 | 4 | _aالامراض المتوطنة |
| 942 |
_2ddc _cBK |
||
| 999 |
_c45030 _d45030 |
||